000 00331nam a2200145Ia 4500
005 20251222175930.0
008 251222s9999||||xx |||||||||||||| ||spa||
020 _a8422621967
082 _a813.54/S36
100 _aSegal, Erich
245 0 _aLa Promoción
250 _a1ra.ed.
264 _bCírculo de Lectores
942 _cLIB
999 _c41012
_d41012